| 000 | 00706cam a2200145 4500500 | ||
|---|---|---|---|
| 005 | 20251228093407.0 | ||
| 041 | _afre | ||
| 042 | _adc | ||
| 100 | 1 | 0 |
_aLecerf, Anna _eauthor |
| 245 | 0 | 0 | _aMarina Vilenovna BABI? Gosudarstvennye u?reždenija XVIII veka : Komissii petrovskogo vremeni (Les institutions d’État au XVIIIe siècle : Les commissions de l’époque de Pierre Ier) Moscou, « Rossijskaja politi?eskaja enciklopedija » (ROSSPEN), 2003, 480 p. |
| 260 | _c2004. | ||
| 500 | _a63 | ||
| 786 | 0 | _nCahiers du monde russe | Vol 45 | 3 | 2004-11-01 | p. 613g-658g | 1252-6576 | |
| 856 | 4 | 1 | _uhttps://shs.cairn.info/revue-cahiers-du-monde-russe-2004-3-page-613g?lang=fr&redirect-ssocas=7080 |
| 999 |
_c1604276 _d1604276 |
||